• 首页
  • 本馆介绍
  • 公告通知
  • 最新文献
  • 馆藏检索
  • 电子资源
  • 读者导购
  • 参考咨询
  • 我的图书馆
  • 登录
  • 详细信息显示
  • 放入我的书架
  • 预约/预借图书
  • 作者相关作品
  • 分类相关作品
  • 丛书相关作品
  • 出版社相关作品

书目信息

  • 表格格式
  • 工作单格式
  • 卡片格式
题名:
符号与商标世界
    
 
作者: RODULFMODLEY 著 ;黄宝凤 译
分册:  
出版信息:   艺术图书公司  
页数: 139页
开本: 21cm
丛书名:
单 册:
中图分类: F760.5
科图分类:
主题词: 商品学
电子资源:
ISBN:
000 00584nam0 2200205 45
001 0404291678
005 20040429164511.0
010    @dCNY1.15
100    @a20040429d km y0chiy0120 ea
101 0  @achi
105    @a z 000yy
200 1  @a符号与商标世界@AFu Hao Yu Shang Biao Shi Jie@f(荷兰)RODULF MODLEY著@F(He Lan)RODULF MODLEY Zhu@g黄宝凤译
210    @c艺术图书公司
215    @a139页@d21cm
606 0  @a商品学
690    @aF760.5@v3
701  0 @aRODULFMODLEY@4著
702  0 @a黄宝凤@AHuang Bao Feng@4译
801    @aCN@bPftUser@c20040429
905    @f1@b217475@dF760.5@e13
    
    符号与商标世界/(荷兰)RODULF MODLEY著/黄宝凤译.-艺术图书公司
    139页;21cm
    
    
    ISBN :CNY1.15
    
●
相关链接 在E读中查询图书 在五车中查询图书 在当当中查询图书 在豆瓣中查询图书


正题名:符号与商标世界     索取号:F760.5/13         预约/预借

序号 登录号 条形码 馆藏地/架位号 状态 备注
1 0217475   000489867   第一借阅区/ [索取号:F760.5/13] 在馆    
2 0217476   000489858   第一样本阅览室/ [索取号:F760.5/13] 在馆    
唐山师范学院图书馆 欢迎您!
大连网信软件有限公司© 版权所有